• 首页
  • 本馆介绍
  • 公告通知
  • 最新文献
  • 馆藏检索
  • 电子资源
  • 读者导购
  • 参考咨询
  • 我的图书馆
  • 登录
  • 详细信息显示
  • 放入我的书架
  • 预约/预借图书
  • 作者相关作品
  • 分类相关作品
  • 丛书相关作品
  • 出版社相关作品

书目信息

  • 表格格式
  • 工作单格式
  • 卡片格式
题名:
女子体操健将级运动员规定动作图解
    
 
作者: ;国家体育运动委员会 审定
分册:  
出版信息: 北京   人民体育出版社  1983
页数: 76页
开本: 19cm
丛书名:
单 册:
中图分类: G832.01
科图分类:
主题词: 竞技体操-女子项目-规定动作--图解 , 规定动作-竞技体操-女子项目--图解 , 女子项目-竞技体操-规定动作--图解
电子资源:
ISBN:
000 00819nam0 2200253 45
001 0183011196
005 20060815173041.54
010    @dCNY0.33
091    @aCN@b7015.2104
100    @a19950705d1983 em y0chiy0121 ea
101 0  @achi
102    @aCN@b110000
105    @aa z 000yy
200 10 @a女子体操健将级运动员规定动作图解@Anv zi ti cao jian jiang ji yun dong yuan gui ding dong zuo tu jie@f国家体育运动委员会审定
210    @a北京@c人民体育出版社@d1983
215    @a76页@d19cm
606    @a竞技体操-女子项目-规定动作@x图解
606    @a规定动作-竞技体操-女子项目@x图解
606    @a女子项目-竞技体操-规定动作@x图解
690    @aG832.01@v3
711 02 @a国家体育运动委员会@Aguo jia ti yu yun dong wei yuan hui@4审定
801  2 @aCN@bNLC@c20060815
801  0 @aCN@bTSSF
905    @a10447@dG832.01@e59
    
    女子体操健将级运动员规定动作图解/国家体育运动委员会审定.-北京:人民体育出版社,1983
    76页;19cm
    
    
    ISBN :CNY0.33
    
●
相关链接 在E读中查询图书 在五车中查询图书 在当当中查询图书 在豆瓣中查询图书


正题名:女子体操健将级运动员规定动作图解     索取号:G832.01/59         预约/预借

序号 登录号 条形码 馆藏地/架位号 状态 备注
1 0460494   204604945   密集书库/ [索取号:G832.01/59] 在馆    
唐山师范学院图书馆 欢迎您!
大连网信软件有限公司© 版权所有